000 00307nam a22001337a 4500
008 181220b xxu||||| |||| 00| 0 eng d
020 _a9780132457583
041 _aeng
080 _27th
_a658
100 _a54
101 _aLID
245 _aSupervision Police Personnel
_cWhisenand,P.M
942 _2udc
_cBK
999 _c53581
_d53581